Postavenie dane z príjmov zo závislej činnosti v daňovej sústave SR bakalárska práca

Salvato in:
Dettagli Bibliografici
Autore principale: Juríková, Simona
Ente Autore: Národohospodárska fakulta EU. Katedra financií
Altri autori: Repková, Denisa, 1983-
Natura: Libro
Lingua:slovacco
Pubblicazione: Bratislava 2011
Tags: Aggiungi Tag
Nessun Tag, puoi essere il primo ad aggiungerne!!

MARC

LEADER 00000nbm a2200000 4500
001 0139769
005 20161109111644.8
041 0 |a slo 
044 |a SK 
245 1 0 |a Postavenie dane z príjmov zo závislej činnosti v daňovej sústave SR  |b bakalárska práca  |c Simona Juríková ; školiteľ: Denisa Repková 
264 1 |a Bratislava  |c 2011 
300 |a 42 s. 
100 1 |a Juríková, Simona 
700 1 |a Repková, Denisa, 1983- 
710 2 |a Národohospodárska fakulta EU. Katedra financií